Statistiques concernant Albums BTS

Cliquez ici pour prendre le quiz!

Statistiques générales

  • Ce quiz a été pris 136 fois
  • Le résultat moyen est 13 sur 17

Statistiques - réponses

Réponse% Correct
Wings
96%
BE
95%
Love yourself Tear
93%
Butter
92%
Skool luv affair
90%
Dark and wild
85%
Map of the soul persona
83%
Love yourself Her
78%
Map of the soul 7
77%
Love yourself Answer
75%
Proof
75%
You never walk alone
65%
The most beautiful moment in life young forever
64%
O!RUL8,2?
61%
2 cool 4 skool
56%
The most beautiful moment in life pt 1
48%
The most beautiful moment in life pt 2
48%

Distribution des résultats

Percentile par nombre de réponses

% des personnes avec chaque résultat

Votre développement - résultats

Vous n’avez pas pris ce quiz